[Event "Madrid"]
[Site "Madrid"]
[Date "1994.??.??"]
[Round "4"]
[White "Bareev, Evgeny"]
[Black "San Segundo Carrillo, Pablo"]
[Result "1/2-1/2"]
[WhiteElo "2685"]
[BlackElo "2470"]
[Annotator "Ftacnik,L"]
[PlyCount "91"]
[EventDate "1994.05.??"]
[EventType "tourn"]
[EventRounds "9"]
[EventCountry "ESP"]
[EventCategory "15"]
[SourceTitle "CBM 041"]
[Source "ChessBase"]
[SourceDate "1994.08.01"]
[SourceVersion "1"]
[SourceVersionDate "1994.08.01"]
[SourceQuality "1"]

1. d4 d5 2. c4 c6 3. Nf3 Nf6 4. Nc3 e6 5. Bg5 dxc4 6. e4 b5 7. e5 h6 8. Bh4 g5
9. Nxg5 hxg5 10. Bxg5 Nbd7 11. g3 Rg8 12. h4 Rxg5 13. hxg5 Nd5 14. g6 fxg6 15.
Qg4 Qe7 16. Qxg6+ (16. Bg2 $5 Qf7 $1 17. Be4 Ne7 18. O-O-O $6 Ba6 $1 19. Ne2
Bg7 $1 20. Nf4 Nf8 $15 {Beliavsky,A-Kramnik,V/Linares/1993/0-1 (59)}) (16. Rh8
Nxc3 17. bxc3 Qf7 (17... Bb7 18. Bh3 O-O-O 19. Qxe6 Qa3 20. Rxf8 Qxc3+ 21. Ke2
Qb2+ 22. Ke3 Qa3+ 23. Ke2 Qxf8 24. Qxg6 c5 25. Qg4 $19 {Paschall,W-Wells,P/
Hastings Ch (4)/1993/0-1 (27)}) 18. Bg2 Bb7 19. Be4 O-O-O 20. Bxg6 Qe7 21. a4
a6 22. Rh7 Bg7 23. Be4 Rg8 24. Qf3 Kc7 25. axb5 $13 {Kamsky,G-Serper,G/
Groningen PCA (02)/1993/0.5 (45)}) 16... Qf7 17. Qxf7+ Kxf7 18. Bg2 (18. O-O-O
Nxc3 19. bxc3 Nb6 20. Re1 Bd7 21. Be2 Bg7 22. Bh5+ Ke7 23. Bg6 Be8 24. Be4 Rc8
25. f4 $14 {Knaak,R-Hertneck,G/Potsdam DDR-FRG/1988/1-0 (35)}) 18... Nxc3 (
18... Bb4 19. Kd2 Nf8 20. f4 Bd7 21. Raf1 Rd8 22. Bxd5 cxd5 23. g4 Ba5 24. f5
Kg7 25. Rh5 $13 {Piesina,G-Khenkin,I/Pardubice op (2)/1993/0.5 (28)}) (18...
Bg7 19. Ne4 Nf8 20. Kd2 Bd7 21. f4 a5 22. Raf1 a4 23. a3 Rb8 24. Nd6+ Kg8 25.
Be4 $14 {Szabo,Zs-Horvath,P/HUN-chT1 9394/1994/1-0 (40)}) (18... N7b6 19. Ne4
Bd7 20. Ke2 Bg7 21. Nd6+ Kg8 22. Rh5 Na4 23. Rg5 Nxb2 24. Bxd5 cxd5 25. Rh1 $13
{Yusupov,A-Chekhov,V/USSR-ch/1980/1-0 (34)}) 19. bxc3 Rb8 20. f4 (20. Bxc6 Bb7
21. Rh7+ Kg6 22. Rxd7 Bxc6 23. Rxa7 Bf3 24. Kd2 Bh6+ 25. Kc2 $13 {Shirov,
A-Stisis,Y/London Lloyds (01)/1991/1-0 (43)}) 20... b4 $1 21. Kd2 a5 (21...
bxc3+ 22. Kxc3 Bb4+ 23. Kxc4 Ba6+ 24. Kb3 Be1+ 25. Kc2 Bxg3 26. Rh7+ Ke8 27. f5
exf5 28. e6 $40) 22. Bxc6 Nb6 23. g4 Bb7 (23... bxc3+ 24. Kxc3 Bb4+ 25. Kc2 Nd5
26. Bxd5 exd5 27. f5 $16) 24. Bxb7 Rxb7 25. Rh7+ Bg7 26. f5 Nd5 $1 27. f6 (27.
cxb4 exf5 (27... c3+ 28. Kd3 Kg8 $13) 28. gxf5 axb4 29. f6 Nxf6 30. exf6 Kxf6
$10) 27... bxc3+ 28. Kc1 (28. Kc2 $2 Rb2+ 29. Kc1 Nb4 30. Rxg7+ Kf8 31. Kd1 Nd3
$19) 28... Nxf6 29. exf6 Kxf6 30. Kc2 (30. Rb1 Rd7 $1 $13 (30... Rxb1+ 31. Kxb1
Kg6 32. Rh5 Bxd4 33. Rxa5 $16)) 30... Kg6 31. Rxg7+ (31. Rh5 Bxd4 32. Rb1 Rf7
$17) 31... Rxg7 32. Kxc3 Rf7 33. Re1 (33. Kxc4 $1 Rf4 34. Re1 Kf7 35. Re5 a4
36. g5 $16) 33... Rf2 $1 34. a4 (34. Rxe6+ Kf7 35. Ra6 Rxa2 36. Kxc4 Rg2 37.
Rxa5 Rxg4 $10) 34... Ra2 35. Rxe6+ Kf7 36. Re1 Rxa4 37. d5 Ra3+ 38. Kxc4 Ra4+
39. Kc5 Rxg4 40. d6 Rg3 41. d7 Rd3 42. Kc6 Rc3+ 43. Kd6 Rd3+ 44. Kc7 Rc3+ 45.
Kd8 a4 46. Re7+ 1/2-1/2

[Event "Reykjavik zt"]
[Site "Reykjavik"]
[Date "1995.??.??"]
[Round "7"]
[White "Stefansson, Hannes"]
[Black "Tisdall, Jonathan D"]
[Result "1/2-1/2"]
[WhiteElo "2530"]
[BlackElo "2470"]
[Annotator "Ftacnik,L"]
[PlyCount "41"]
[EventDate "1995.03.??"]
[EventType "swiss"]
[EventRounds "11"]
[EventCountry "ISL"]
[SourceTitle "CBM 047"]
[Source "ChessBase"]
[SourceDate "1995.08.01"]
[SourceVersion "1"]
[SourceVersionDate "1995.08.01"]
[SourceQuality "1"]

1. c4 c6 2. d4 d5 3. Nc3 Nf6 4. Nf3 e6 5. Bg5 dxc4 6. a4 Bb4 7. e4 c5 8. Bxc4
cxd4 9. Bb5+ Nc6 10. Nxd4 O-O $5 (10... Bd7 11. O-O (11. Nxc6 bxc6 12. Bd3 (12.
Bc4 Qa5 13. Bxf6 gxf6 14. O-O Rg8 15. Qd3 Rd8 16. Rfd1 Be7 17. Rac1 Qg5 18. Qf3
h5 19. Bf1 Qe5 20. Rc2 Bd6 21. Rxd6 Qxd6 22. Qxf6 Rg6 23. Qh8+ Ke7 24. Qxh5 {
Matamoros,C-Antunes,A/Capablanca mem-B (02)/1994/0-1 (43)}) 12... h6 13. Be3 e5
$1 14. f3 Qa5 15. Qc1 Bc5 16. Bc4 Bxe3 17. Qxe3 Rb8 18. b3 O-O $14 {Makarov,
M-Bagirov,V/Podolsk/1992/}) 11... h6 12. Be3 (12. Bh4 Qb6 13. Nxc6 bxc6 14. Bc4
Bxc3 15. bxc3 Nxe4 16. Qg4 Ng5 17. Bxg5 hxg5 18. Qxg5 Qd8 19. Qxg7 Qh4 20. h3
Ke7 21. Rfd1 Qxc4 22. Rd4 Qc5 23. Rxd7+ Kxd7 24. Qxf7+ {Danielian,O-Sherbakov,
R/EUCup Gr5Balatonbereny/1993/1-0 (31)}) 12... O-O 13. f3 Ne5 14. Nc2 Bxc3 15.
bxc3 Qc7 16. Bd4 Rfd8 17. Ne3 a6 18. Be2 Bc6 19. Qb3 Ng6 20. Bb6 Qf4 21. g3 Qg5
22. f4 Nxf4 23. Rxf4 Nxe4 24. Nf1 $13 {Hansen,C-Tisdall,J/Reykjavik zt (10)/
1995/0.5 (31)}) 11. Nxc6 (11. Bxc6 bxc6 12. Nxc6 Bxc3+ 13. bxc3 Qc7 14. Bxf6
gxf6 15. Qg4+ Kh8 16. Qh4 $10) 11... Qxd1+ 12. Rxd1 bxc6 13. Bxc6 Rb8 14. e5 (
14. Bxf6 gxf6 15. O-O Ba6 16. Bb5 Bxc3 17. bxc3 Bxb5 18. axb5 Rxb5 $10) 14...
Ng4 15. Bf4 (15. f4 Ba5 16. Bb5 a6) 15... Ba5 16. O-O (16. Rd2 $2 Bxc3 17. bxc3
Rb1+ 18. Rd1 Rxd1+ 19. Kxd1 Nxf2+ $19) 16... Rxb2 17. Nb5 Bb6 18. Bg3 Ba6 19.
Rb1 Ra2 (19... Rxb1 20. Rxb1 Rc8 21. Bf3) 20. Ra1 Rb2 21. Rab1 1/2-1/2

[Event "Munich SKA"]
[Site "Munich"]
[Date "1994.05.28"]
[Round "7"]
[White "Beliavsky, Alexander G"]
[Black "Lutz, Christopher"]
[Result "0-1"]
[WhiteElo "2650"]
[BlackElo "2595"]
[Annotator "Ftacnik,L"]
[PlyCount "82"]
[EventDate "1994.05.21"]
[EventType "tourn"]
[EventRounds "11"]
[EventCountry "GER"]
[EventCategory "16"]
[SourceTitle "CBM 042"]
[Source "ChessBase"]
[SourceDate "1994.10.01"]
[SourceVersion "1"]
[SourceVersionDate "1994.10.01"]
[SourceQuality "1"]

1. d4 d5 2. c4 c6 3. Nf3 Nf6 4. Nc3 e6 5. Bg5 dxc4 6. e4 b5 7. e5 h6 8. Bh4 g5
9. Nxg5 hxg5 10. Bxg5 Nbd7 11. exf6 Bb7 12. g3 c5 13. d5 Qb6 14. Bg2 O-O-O 15.
O-O b4 16. Na4 Qb5 17. a3 exd5 18. Re1 (18. axb4 cxb4 19. Re1 (19. Be3 $5)
19... d4 20. Qxd4 Bxg2 21. Kxg2 Qxg5 22. Qxc4+ Kb8 23. Red1 $5 {Van Wely,
L-Piket,J/Wijk/1994/}) 18... d4 19. Bxb7+ (19. axb4 Bxg2 20. Kxg2 cxb4 21. Qxd4
Qxg5 22. Qxc4+ Kb8 23. Rad1 (23. Rac1 Bd6 24. Qc6 Nxf6 $2 (24... Qxf6 25. Rc2
Qd4 26. Re4 Qd1 27. Re1 $10) 25. Nb6 $1 {1-0/Anikaev-Westerinen/Moskva/1982/})
23... Qa5 24. Rd5 Qc7 25. Qd3 $36 {Dolmatov,S-Rivas,P/Minsk/1982/}) 19... Kxb7
(19... Qxb7 20. axb4 Qxb4 $16) 20. axb4 cxb4 21. Qf3+ $2 (21. Qxd4 Qxg5 22.
Qxc4 Rc8 23. Qxf7 Rc7 $13) 21... Qc6 22. Qf5 (22. Qxc6+ Kxc6 $17) 22... Bd6 23.
Re4 (23. Re7 Bxe7 (23... Rxh2 24. Rxd7+ $1 (24. Kxh2 $2 Rh8+)) 24. fxe7 Rde8
25. Qxd7+ (25. Qxf7 Ne5 $19) (25. Qa5 f6 26. Qxb4+ Ka8 27. Bf4 Rxh2 $1 $19)
25... Qxd7 26. Nc5+ Kc6 27. Nxd7 Kxd7 28. Bf6 Rh5 29. Rxa7+ Ke6 30. Ra6+ Kf5
$17) 23... Rde8 24. Rxd4 Ne5 25. Rf4 (25. Rxd6 Nf3+ 26. Qxf3 Qxf3 27. Nc5+ Kc8
$19) (25. Re4 Nf3+ 26. Qxf3 Qxe4 $19) 25... Ng6 $1 (25... Nd3 26. Rxc4 Qxc4 27.
Qd7+ Bc7 (27... Qc7 28. Qb5+ Kc8 29. Qxd3 $16) 28. Qxd3 Qxd3 29. Nc5+ Kc6 30.
Nxd3 a5 31. Rc1+ $16) 26. Rxc4 (26. Rf3 Re5 $19) (26. h4 Re5 27. Qg4 Rxg5 28.
Qxg5 Bxf4 29. gxf4 Nxh4 $19) (26. Rd4 Rxh2 27. Qd5 Reh8 28. Qxc6+ Kxc6 29.
Rxc4+ (29. Bh4 Nxh4 30. Rxc4+ Kb5 31. Rxh4 R2xh4 32. gxh4 Rxh4 33. b3 Rh3 34.
Rb1 Rxb3 35. Rxb3 Kxa4 $19) 29... Kb5 30. Rcc1 Ne5 31. Kf1 Nd3 $19) 26... Qxc4
27. Qd7+ (27. Rc1 Qa6 28. Nc5+ Bxc5 29. Qxc5 Ka8 $19) 27... Bc7 (27... Qc7 28.
Qb5+ Ka8 29. Nb6+) 28. Rc1 Ne5 $1 29. Rxc4 Nxd7 30. Rxb4+ Bb6 31. Nxb6 axb6 32.
h4 Nc5 33. Be3 Kc6 34. Kg2 Re6 35. Rc4 Kb5 (35... Rxf6 $2 36. Bd4) 36. Rf4 Nd3
37. Rg4 Nxb2 38. Rg7 Nc4 39. Bg5 (39. Rxf7 Nxe3+ 40. fxe3 Rh6 $19) 39... Nd6
40. g4 Kc4 41. h5 b5 0-1

[Event "CRO-ch"]
[Site "Slavonski Brod"]
[Date "1995.??.??"]
[Round "?"]
[White "Dizdar, Goran"]
[Black "Sulava, Nenad"]
[Result "1-0"]
[WhiteElo "2510"]
[BlackElo "2420"]
[Annotator "Ftacnik,L"]
[PlyCount "80"]
[EventDate "1995.02.??"]
[EventType "tourn"]
[EventRounds "13"]
[EventCountry "CRO"]
[EventCategory "10"]
[SourceTitle "CBM 048"]
[Source "ChessBase"]
[SourceDate "1995.10.01"]
[SourceVersion "1"]
[SourceVersionDate "1995.10.01"]
[SourceQuality "1"]

1. Nf3 d5 2. c4 c6 3. d4 Nf6 4. Nc3 e6 5. Bg5 dxc4 6. e4 b5 7. a4 Bb7 8. axb5
cxb5 9. Nxb5 Qb6 (9... Bb4+ 10. Nc3 Bxe4 11. Bxc4 Nc6 $1 (11... h6 $5) (11...
O-O 12. O-O Bxc3 (12... Bb7) 13. bxc3 Nbd7 (13... Qc7 $6 14. Bxf6 Qxc4 15. Nd2
Qc6 16. Nxe4 Qxe4 17. Re1 Qf5 (17... Qg6 18. Qf3 Nd7 19. Be7 Rfc8 20. c4 Nb6
21. Rec1 $16) 18. Be7 Rc8 19. Re5 Qg6 20. Rg5 Qe4 21. Bf6 g6 22. Qa4 a6 $1 23.
Rc5 Qb7 24. Qb3 Qd7 25. c4 $1 $14 {Sokolov,I-Pinter,J/Lyon/1994/0.5 (37)}) 14.
Re1 Qc7 15. Bd3 Bxd3 16. Qxd3 Rfc8 17. Bd2 a5 18. Qb5 Rcb8 19. Qg5 Qc6 20. Ne5
Nxe5 21. Rxe5 a4 {Bang,A-Muir,A/Lyngby op (4)/1990/0-1}) 12. O-O Bxf3 13. Qxf3
Nxd4 14. Qe3 $5 (14. Qb7 Qb8 15. Rxa7 O-O $1 $10) (14. Bb5+ Kf8 15. Qd3 Qb6 16.
Ra6 Qc5 $13) 14... Nc2 (14... Rc8 15. Ba6 {/\ Rfd1}) 15. Bb5+ (15. Qe5 Bxc3 16.
Qc5 $5 Nd7 17. Bb5 Bb4 18. Qxc2 Qxg5 19. Bxd7+ Ke7 $1) 15... Kf8 $8 16. Bxf6
Nxe3 (16... Qxf6 17. Qe4) 17. Bxd8 Nxf1 18. Bg5 f6 19. Bc1 Nxh2 20. Kxh2 a5 $1
21. Bc4 $1 Ke7 22. Na4 $1 $13 {Hulak,K-Piket,Je/Wijk op/1995/1-0 (42)}) 10. Qa4
(10. Bxc4 Nxe4 11. Bf4 Bb4+ 12. Kf1 Bd6 13. Nxd6+ Nxd6 14. Bd3 O-O 15. h4 Nd7
16. Ng5 {0.5/Kahn,E-Lukacs,P/Budapest Spring op/1992/}) 10... Nbd7 (10... Nc6)
11. Bxc4 a6 (11... Nxe4 12. Bf4 Bd6 13. Nxd6+ Nxd6 14. Be2 $14) 12. Nc3 Qxb2 (
12... Nxe4 13. O-O $40) 13. O-O $1 {[%csl Re8] Model case of a great advantage
in the development, all white s pieces are rather active.} Qb4 (13... Qxc3 $2
14. Bd2 Qb2 15. Rfb1 $18) 14. e5 h6 (14... Ne4 15. Nxe4 Bxe4 16. Bxa6 $16) (
14... Bxf3 15. gxf3 Qxc3 16. Qc6 Rb8 17. exf6 $40) 15. Bd2 Qxa4 16. Rxa4 Nb6 (
16... Nd5 17. Bxd5 exd5 18. Rb1 $16) 17. exf6 {[%cal Rf1b1] White s pieces
have become too active in the ecnter so black reduces their number even at a
cost.} Nxa4 18. Nxa4 (18. fxg7 Bxg7 19. Nxa4 Bxf3 20. gxf3 Bxd4 21. Rb1 $14)
18... gxf6 19. d5 $1 {[%csl Re8][%cal Rf1e1]} Rc8 (19... exd5 20. Re1+ Kd7 21.
Nb6+ $18) 20. Nb6 Rxc4 (20... Rc7 21. dxe6 $18) 21. Nxc4 Bxd5 {[%csl Re8]
Bishps s pair and reduced number of pawns should promise good chances for draw,
but K remains vulnerable.} 22. Nb6 Bb7 (22... Bxf3 23. gxf3 Bc5 24. Be3 $18)
23. Rc1 Bd6 24. Nc4 Ke7 (24... Bc7 25. Na5 $18) 25. Nd4 h5 26. Re1 (26. Nxd6
Kxd6 27. Bb4+ Kd5 28. Be7 $18) 26... Bc5 27. Nb3 Bd6 28. Nxd6 Kxd6 29. Bb4+ Kd5
30. Na5 Ba8 31. f3 e5 (31... Rc8 32. Rd1+ Ke5 33. Rd6 $18) 32. Rd1+ Ke6 33.
Rd6+ Kf5 34. Rxa6 Rc8 (34... Bd5 35. Nc6 $18) 35. Be7 {Concerns for the K
safety cost even more material.} Kf4 36. Rxf6+ Ke3 37. h4 e4 38. fxe4 Bxe4 39.
Rxf7 Rc2 40. Bg5+ Kd4 (40... Kd4 41. Rf2 $18) 1-0

[Event "Budapest FS02 GM"]
[Site "Budapest"]
[Date "1994.??.??"]
[Round "11"]
[White "Wells, Peter K"]
[Black "Lukacs, Peter"]
[Result "0-1"]
[WhiteElo "2490"]
[BlackElo "2485"]
[Annotator "Ftacnik,L"]
[PlyCount "60"]
[EventDate "1994.02.??"]
[EventType "tourn"]
[EventRounds "13"]
[EventCountry "HUN"]
[EventCategory "9"]
[SourceTitle "CBM 040"]
[Source "ChessBase"]
[SourceDate "1994.06.01"]
[SourceVersion "1"]
[SourceVersionDate "1994.06.01"]
[SourceQuality "1"]

1. d4 {Ernst} d5 2. c4 c6 3. Nf3 Nf6 4. Nc3 e6 5. Bg5 dxc4 6. e4 b5 7. e5 h6 8.
Bh4 g5 9. Nxg5 hxg5 10. Bxg5 Nbd7 11. g3 Bb7 12. Bg2 Qb6 13. exf6 O-O-O 14. O-O
Bh6 15. Bxh6 (15. Be3 c5 (15... Nxf6 16. Qf3 Bg7 (16... Bxe3 17. fxe3 Rh6 18.
a4 a6 19. b3 cxb3 20. Rfb1 Rxd4 21. axb5 Rc4 22. bxa6 Rxc3 23. axb7+ Kxb7 24.
Kh1 b2 25. Qf1 $17 {Moran,B-Juarez Flores,C/Granma zt/1987/0-1 (40)}) 17. a4 a6
(17... c5 18. dxc5 Bxf3 19. cxb6 Bxg2 20. Kxg2 b4 21. bxa7 Kb7 22. Nb5 Ng4 23.
Rac1 Rxh2+ 24. Kf3 Nxe3 25. fxe3 $16 {Gavrikov,V-Bagirov/Lvov otbor/1984/1-0 
(34)}) 18. Rfc1 Rd7 19. Qe2 Nd5 $5 20. Nxd5 cxd5 21. axb5 axb5 22. Qd2 e5 23.
dxe5 d4 24. Bxb7+ Kxb7 $13 {Stempin,P-Bany,J/Polska ch/1986/}) 16. dxc5 Nxc5
17. Bxc5 Qxc5 18. Bxb7+ Kxb7 19. Qf3+ Qc6 $16 {Sturua,Z-Dvorietzky,M/USSR/1978/
}) 15... Rxh6 16. a4 $6 (16. Qd2 Rdh8 17. Ne4 Qc7 18. Qb4 c5 19. Qxb5 $16 {
Kalinichenko-Popikov/USSR/1985/}) (16. Ne4 c5 17. Qd2 Rhh8 18. Qf4 Bxe4 19.
Bxe4 cxd4 20. a4 $1 e5 21. Qf3 Qxf6 22. Qa3 $1 $16 {Lechtynsky,J-Rahman,T/
Dubai olm/1986/0.5 (35)}) 16... Nxf6 17. a5 Qxd4 18. Qf3 (18. a6 Ba8 19. Qf3
Qd3 20. Qf4 Qd2 21. Qe5 Qd4 22. Qe2 Nd5 23. Ne4 Nb4 24. Rfd1 Nd3 25. Nc3 $17 {
Vegh,E-Bagirov,V/Praha/1984/}) 18... Qe5 19. a6 Ba8 20. Rfd1 Rxd1+ 21. Rxd1 b4
(21... Nd5 $5 {Ernst}) 22. Ne2 Rh8 (22... Qxb2 $2 23. Nd4 Qa3 24. Qf4 Qa4 25.
Rc1 Rg6 26. Qd6 $40) 23. Nd4 $2 (23. b3 c3 24. Qd3 Nd5 $17) 23... Rd8 24. Nxc6
Rxd1+ 25. Qxd1 Bxc6 26. Bxc6 Kc7 (26... Qxb2 $2 27. Qd6 $18) 27. Bf3 (27. Qf3
c3 (27... Qxb2 28. Bb5 Qb1+ (28... Qc1+ 29. Kg2 Nd5 30. Qxf7+ Kb6 31. Qxe6+
Kxb5 32. Qxd5+ Ka4 33. Qd7+ $13) 29. Kg2 Qe4 30. Bxc4 $13) 28. bxc3 Qxc3 29. h4
Kb6 $17) 27... c3 $1 (27... Qxb2 28. Qa4 Nd5 29. Qb5 $132) 28. bxc3 (28. Qa4
cxb2 (28... Qe1+ $2 29. Kg2 cxb2 30. Qc6+ Kd8 31. Qd6+ Nd7 32. Bc6 $18) 29.
Qc6+ Kd8 30. Qa8+ Ke7 31. Qb7+ Nd7 $1 (31... Kf8 32. Qxb4+ Kg7 33. Kg2) 32.
Qxb4+ Nc5 33. h4 Kf6 $17) 28... Qxc3 29. Be2 Ne4 30. Qb1 f5 (30... f5 31. Kg2
b3 $1 32. Qd3 b2 33. Qb5 Nd6 $19) 0-1

[Event "Linares 12th"]
[Site "Linares"]
[Date "1994.??.??"]
[Round "13"]
[White "Ivanchuk, Vassily"]
[Black "Illescas Cordoba, Miguel"]
[Result "1-0"]
[WhiteElo "2710"]
[BlackElo "2590"]
[Annotator "Ftacnik,L"]
[PlyCount "87"]
[EventDate "1994.02.??"]
[EventType "tourn"]
[EventRounds "13"]
[EventCountry "ESP"]
[EventCategory "18"]
[SourceTitle "CBM 040"]
[Source "ChessBase"]
[SourceDate "1994.06.01"]
[SourceVersion "1"]
[SourceVersionDate "1994.06.01"]
[SourceQuality "1"]

1. d4 {Ernst} Nf6 2. c4 c6 3. Nc3 d5 4. Nf3 e6 5. Bg5 dxc4 6. e4 b5 7. e5 h6 8.
Bh4 g5 9. Nxg5 hxg5 10. Bxg5 Nbd7 11. g3 b4 12. Ne4 Nxe4 13. Bxd8 Kxd8 14. Bxc4
(14. Bg2 f5 15. exf6 Ndxf6 $2 (15... Nexf6 $1 16. Bxc6 Rb8 $13) (15... Nexf6
$14 {Ernst}) 16. Bxe4 Nxe4 17. Qf3 $18 {Nikolic,Pr-Bagirov,V/Sarajevo/1980/})
14... Nb6 15. Bd3 f5 16. Bxe4 (16. O-O $13 {Ernst}) 16... fxe4 17. Qg4 (17. Qe2
a5 18. Qxe4 Nd5 19. Rc1 Bd7 20. f4 a4 21. Qf3 a3 22. b3 Nc3 23. Rc2 Be7 24. h4
Kc7 25. Rhh2 $13 {Shestaperov,A-Agrinski/USSR/1967/0-1 (38)}) 17... Bd7 18.
Qxe4 Kc7 (18... Nd5 19. Rc1 a5) 19. O-O Be7 20. Rac1 Kb7 (20... Nd5 21. f4 Rag8
22. f5 Rh4 23. Qf3 Rf4 24. Qb3 Rxf1+ 25. Kxf1 Bg5 26. Rc5 Ne3+ 27. Ke1 Nxf5 28.
Qa4 $16) 21. f4 Raf8 22. Rf3 Nd5 23. a3 $1 Rhg8 (23... a5 24. axb4 Bxb4 $16 (
24... axb4 {Ernst} 25. Ra1 Ra8 26. Rff1 $14)) 24. axb4 Bxb4 25. Qh7 $1 Kc7 (
25... Be7 $5 26. Ra1 $16) 26. Rf2 Kd8 (26... Rh8 27. Qd3 a5 28. Rfc2 $40) 27.
Kh1 Rh8 (27... c5 28. dxc5 Bc6 29. Kg1 $18) 28. Qd3 a5 29. Rfc2 Rh3 (29... Ne7
{Ernst} 30. Qa6 $16) 30. Rxc6 $1 Rxf4 (30... Bxc6 31. Rxc6 Nxf4 32. Qa6 $18) (
30... Nxf4 31. Qa6 Ng6 32. Rxe6 $18) 31. Qc2 Rf5 (31... Rxd4 32. Rc8+ Ke7 33.
Qg6 Bxc8 34. Rxc8 $18) 32. Rc8+ Ke7 (32... Bxc8 33. Qxc8+ Ke7 34. Qb7+) 33. Rg8
Rh7 (33... Rfh5 34. Rg7+ Kd8 35. Rxd7+ $1 Kxd7 36. Qc8+ Ke7 37. Qb7+) 34. Kg1
a4 (34... Ne3 $2 35. Qc7 $18) 35. Rb8 Rhf7 (35... Rfh5 36. Rxb4 $1 Nxb4 37.
Qc5+ $18) 36. Rxb4 $1 Rf1+ (36... Nxb4 37. Qc5+ Ke8 38. Qxb4 $18) 37. Rxf1
Rxf1+ 38. Kxf1 Ne3+ 39. Kf2 Nxc2 40. Rc4 Na1 $8 41. h4 Be8 42. g4 Nb3 43. h5
Na5 44. Rc7+ (44. Rc7+ Kf8 45. h6 $18) 1-0

[Event "Belgrade Investbank"]
[Site "Belgrade"]
[Date "1991.??.??"]
[Round "?"]
[White "Sokolov, Ivan"]
[Black "Kamsky, Gata"]
[Result "1/2-1/2"]
[WhiteElo "2570"]
[BlackElo "2595"]
[Annotator "Ftacnik,L"]
[PlyCount "89"]
[EventDate "1991.11.??"]
[EventType "tourn"]
[EventRounds "11"]
[EventCountry "YUG"]
[EventCategory "15"]
[SourceTitle "CBM 027"]
[Source "ChessBase"]
[SourceDate "1992.04.01"]
[SourceVersion "1"]
[SourceVersionDate "1992.04.01"]
[SourceQuality "1"]

1. d4 d5 2. c4 c6 3. Nf3 Nf6 4. Nc3 e6 5. Bg5 dxc4 6. e4 b5 7. e5 h6 8. Bh4 g5
9. Nxg5 hxg5 10. Bxg5 Nbd7 11. g3 Qa5 12. exf6 Ba6 13. Qf3 $5 {N} (13. a3 O-O-O
) (13. Be2) 13... Rc8 $1 (13... b4 14. Qxc6 (14. Ne4 O-O-O) 14... Rc8 (14...
Rb8 15. Ne4 Bb7 16. Nd6+ Bxd6 17. Qxd6) 15. Qa4 $8 Qb6 (15... Qxg5 16. Qxa6 $13
) 16. Ne4 Qxd4 $36) 14. Be2 b4 15. Ne4 c5 16. dxc5 (16. Be3 $2 cxd4 17. Bxd4
Qd5 18. Rd1 Bb7 $19) 16... Nxc5 17. Nxc5 Bxc5 18. O-O Bd4 (18... Bxf2+ $2 19.
Qxf2 Qxg5 20. Qxa7 $18) 19. Qf4 Qe5 (19... Bxb2 $2 20. Qd6 Qc5 21. Qxa6 $18) (
19... Be5 20. Qe3) 20. Qxe5 Bxe5 21. Rab1 Bb7 (21... Bd4 22. b3 $1) 22. Rfe1
Bd4 (22... Be4 23. Rbc1 Bxb2 24. Rxc4 $16) 23. Be3 (23. Rbc1 Bd5) 23... Bxf6
24. Bxa7 Ke7 $1 (24... Ra8 25. Bc5 Rxa2 26. Bxc4 $14) 25. Red1 Bd5 (25... Rxh2
26. Bc5+ $1 (26. Kxh2 $2 Rh8+ 27. Kg1 Rh1#) 26... Rxc5 27. Kxh2 $14) 26. Bd4 c3
(26... Rxh2 27. Bxf6+ Kxf6 28. Rxd5 $1 Rch8 29. Rdd1 $18) 27. bxc3 bxc3 28.
Rbc1 Bxa2 29. Bxf6+ Kxf6 30. Rd3 c2 31. h4 Rc5 32. Kf1 $1 Rb8 33. Ke1 Bd5 (
33... Rb1 34. Kd2 Bb3 35. Rxb3 Rxb3 36. Rxc2 $10) 34. Kd2 Be4 35. Rd7 Rf5 (
35... Rb1 36. Bd3 $10) 36. Rd4 $1 Ke5 37. Rxe4+ Kxe4 38. Bd3+ Kf3 39. Bxf5 exf5
40. Rxc2 Kxf2 41. Rc5 Rd8+ 42. Kc3 Kxg3 43. Rxf5 Rd7 44. Rh5 Kg4 45. Rh7 {
Ftacnik,L} 1/2-1/2

[Event "Kemerovo1"]
[Site "Kemerovo"]
[Date "1995.??.??"]
[Round "11"]
[White "Nielsen, Peter Heine"]
[Black "Sveshnikov, Evgeny"]
[Result "1-0"]
[WhiteElo "2500"]
[BlackElo "2580"]
[Annotator "Ftacnik,L"]
[PlyCount "51"]
[EventDate "1995.08.??"]
[EventType "tourn"]
[EventRounds "11"]
[EventCountry "RUS"]
[EventCategory "12"]
[SourceTitle "CBM 050"]
[Source "ChessBase"]
[SourceDate "1996.02.01"]
[SourceVersion "1"]
[SourceVersionDate "1996.02.01"]
[SourceQuality "1"]

1. c4 e6 2. Nf3 d5 3. d4 Nf6 4. Nc3 c6 5. Bg5 dxc4 6. e4 b5 7. e5 h6 8. Bh4 g5
9. Nxg5 Nd5 10. Nxf7 Qxh4 11. Nxh8 Bb4 12. Rc1 c5 {White is an exchange ahead,
but the Nh8 and lack of development promise black lot of chances to create
counterplay.} (12... Qe4+ 13. Be2 Nf4 14. a3 Nxg2+ (14... Ba5 15. Qd2 Nd3+ 16.
Kf1 Nxc1 17. Nxe4 $18) 15. Kf1 (15. Kd2 $2 Qf4+ 16. Kc2 Qf5+ 17. Kd2 Be7) 15...
Ne3+ 16. fxe3 Qxh1+ 17. Kf2 Qxh2+ 18. Ke1 Be7 $6 (18... Bxc3+ 19. bxc3 a5 20.
Kd2 b4 21. axb4 axb4 22. cxb4 c3+ 23. Rxc3 Ra2+ 24. Rc2 Rxc2+ 25. Qxc2 Ba6 26.
Qg6+ Kd8 27. Nf7+ Kc7 28. Qh5 Qxe2+ 29. Qxe2 Bxe2 30. Kxe2 Na6 31. Nxh6 Nxb4
$14) 19. Kd2 c5 $6 20. Nxb5 cxd4 21. Rxc4 Na6 (21... dxe3+ 22. Kc1 Na6 23. Bh5+
Kf8 24. Qf3+ $18) 22. Rxd4 $18 {Timman,J-Ljubojevic,L/Buenos Aires/1980/1-0 
(26)}) 13. dxc5 Nd7 14. Be2 Nxe5 15. O-O Bb7 (15... Bxc3 16. Rxc3 Nxc3 17. Bh5+
Kf8 18. Qd6+ Kg8 19. Qxe5 Nd5 20. Bf7+ Kh7 21. Bxe6 Bxe6 22. Qxe6 Qg5 23. Ng6
Rg8 24. f4 Qf6 25. Qxd5 Rxg6 26. Qb7+ Qg7 27. Qe4 {Nemet,I-Karaklajic,N/JUG-ch/
1979/1-0 (38)}) 16. Nxb5 Bxc5 {The danger from black's bihop pair and two wild
knights in the center can not be underestimated. The trouble is that white has
a nice tactical solution at hand.} (16... O-O-O 17. Nd6+ (17. c6 $2 Nf4 $3 18.
cxb7+ Kb8 19. Qa4 Nxe2+ 20. Kh1 a5 21. Rcd1 Rxd1 22. Qxd1 Ng4) 17... Kb8 18.
Nhf7 Nxf7 19. Nxf7 Rg8 20. Bf3 $16) 17. Ng6 $1 Nxg6 (17... Qg5 18. Nxe5 Qxe5 (
18... Nf4 $4 19. Qd7+ Kf8 20. Qf7#) 19. Rxc4 $18) 18. Rxc4 Ndf4 (18... Qe7 19.
Bh5 Kf7 20. Bxg6+ Kxg6 21. Qc2+ $18) 19. Rxc5 {Suddenly black king is more
exposed than the white one.} Rd8 (19... Bxg2 20. Nc7+ Kf7 21. Nxa8 Bxa8 22. Bf3
$18) 20. Nd6+ Rxd6 (20... Kf8 21. Nxb7 Rxd1 22. Bxd1 $18) 21. Bb5+ Kf7 (21...
Ke7 22. Rc7+ Kf6 23. Qxd6 Bxg2 (23... Qg4 24. Qd8+ Ke5 25. Re1+ $18) 24. Qd8+
$18) 22. Qxd6 $18 Qg4 23. Qc7+ Kg8 24. Qxb7 Nh3+ 25. Kh1 Nxf2+ 26. Rxf2 (26.
Rxf2 Qd1+ 27. Rf1) 1-0